| 000 | 01356nam a2200253 i 4500 | ||
|---|---|---|---|
| 001 | 152960 | ||
| 003 | ES-MaACL | ||
| 005 | 20231221150406.0 | ||
| 008 | 980728s1878 sp |||| | spa d | ||
| 100 | 1 |
_aCánovas del Castillo, Antonio, _d1828-1897 _934600 |
|
| 245 | 1 | 3 |
_aLa paz de Cuba / _cdiscursos pronunciados por los Excmos. Señores Don Antonio Cánovas del Castillo, presidente del Consejo de Ministros, y Don José Elduayen, ministro de Ultramar, en la sesión celebrada en el Congreso de los Diputados el día 8 de mayo de 1878. |
| 260 |
_aMadrid : _b[s.n.], _c1878 ( _fImp. de Manuel Ginés Hernández) |
||
| 300 |
_a80 p. ; _c19 cm. |
||
| 510 | 4 |
_aPalau, _ct. III, 42465 |
|
| 530 | _aDisponible en formato digital. | ||
| 651 | 4 |
_aCuba- _xHistoria- _y1868-1878, Guerra de los Diez Años. _98103 |
|
| 700 | 1 |
_aElduayen, José. _946917 |
|
| 710 | 1 |
_aEspaña. _bCortes Generales. _bCongreso. _93671 |
|
| 852 |
_aES-MaACL _jT-594-F-4 _z- Enc. hol., conservando la enc. original |
||
| 856 |
_uhttp://www.bibliotecavirtualdeandalucia.es/catalogo/es/consulta/registro.do?id=8293 _zBiblioteca Virtual de Andalucía |
||
| 856 |
_uhttp://hdl.handle.net/10347/17998 _zRepositorio Institucional da Universidade de Santiago de Compostela |
||
| 856 |
_uhttp://hdl.handle.net/11169/15767 _zBiblioteca Digital Floridablanca |
||
| 999 |
_c152960 _d152960 |
||